| 000 | 01552nam a2200433Ii 4500 | ||
|---|---|---|---|
| 001 | DIGANAGRA0561 | ||
| 003 | NyNyDIG | ||
| 006 | m o d | ||
| 007 | cr ||||||||||| | ||
| 008 | 231002s2022 sp o 000 0 spa d | ||
| 035 | _a(OCoLC)1401829654 | ||
| 040 |
_aDGITA _beng _erda _epn _cDGITA |
||
| 020 |
_a9788433945990 _qeBook |
||
| 020 | _z9788433916563 | ||
| 050 | 1 | 4 | _aBD581 ebook |
| 100 | 1 |
_aRacionero Ragué, Alexis, _eauthor. |
|
| 245 | 1 | 0 |
_aEcotopía : _buna utopía de la Tierra / _cAlexis Racionaro Ragué. |
| 246 | 3 | 0 | _aUtopía de la Tierra |
| 250 | _aEdición en formato digital. | ||
| 264 | 1 |
_aBarcelona : _bEditorial Anagrama, _c[2022] |
|
| 300 | _a1 online resource. | ||
| 336 |
_atext _btxt _2rdacontent |
||
| 337 |
_acomputer _bc _2rdamedia |
||
| 338 |
_aonline resource _bcr _2rdacarrier |
||
| 347 |
_atext file _2rdaft |
||
| 347 | _bEPUB | ||
| 490 | 1 |
_aNuevos cuadernos Anagrama ; _v51 |
|
| 588 | 0 | _aOnline resource; title from ePub title page (Digitalia, viewed October 2, 2023) | |
| 650 | 0 | _aHuman ecology. | |
| 650 | 0 | _aPhilosophy of nature. | |
| 650 | 0 | _aNature conservation. | |
| 791 | 2 |
_aDigitalia (Firm), _edistributor. |
|
| 793 | 0 |
_gDigitalia eBook Collection: _aEditorial Anagrama |
|
| 776 | 0 | 8 |
_iPrint version: _aRacionero Ragué, Alexis. _tEcotopía. _dBarcelona : Editorial Anagrama, [2022] _z9788433916563 |
| 830 | 0 |
_aNuevos cuadernos Anagrama ; _v51. |
|
| 856 | 4 | 0 |
_3Digitalia Hispánica _uhttps://www.digitaliapublishing.com/a/117627/ |
| 910 | _aPremium collection: 2023 | ||
| 942 | _cRAA | ||
| 999 |
_c275510 _d275510 |
||